Every Current Continental Football Champion - Statistics

General Stats
  • This quiz has been taken 170 times
    14 since last reset
  • The average score is 5 of 6
Answer Stats
Continent Competition Won Answer % Correct
UEFA Euro 2024 Spain
100%
CONMEBOL Copa America 2024 Argentina
93%
CONCACAF Gold Cup 2025 Mexico
93%
CAF African Cup of Nations 2025 Morocco
86%
OFC OFC Nations Cup 2024 New Zealand
79%
AFC Asian Cup 2023 Qatar
71%
No matching quizzes found
Score Distribution
Percent of People with Each Score
Percentile by Number Answered
Your Score History
You have not taken this quiz since the last reset